Hospital Pre-Registration Pharmacist Training. (Record no. 4297)
[ view plain ]
| 000 -LEADER | |
|---|---|
| fixed length control field | 00531nam a22001937a 4500 |
| 003 - CONTROL NUMBER IDENTIFIER | |
| control field | OSt |
| 005 - DATE AND TIME OF LATEST TRANSACTION | |
| control field | 20160608125749.0 |
| 008 - FIXED-LENGTH DATA ELEMENTS--GENERAL INFORMATION | |
| fixed length control field | 160608b xxu||||| |||| 00| 0 eng d |
| 020 ## - INTERNATIONAL STANDARD BOOK NUMBER | |
| International Standard Book Number | 9780853697855 |
| 040 ## - CATALOGING SOURCE | |
| Transcribing agency | DLMN. |
| 082 ## - DEWEY DECIMAL CLASSIFICATION NUMBER | |
| Classification number | QV701S171 2009. |
| 100 ## - MAIN ENTRY--PERSONAL NAME | |
| Personal name | Safdar,Aamer;Ip,Shirley; |
| 9 (RLIN) | 9276 |
| 245 ## - TITLE STATEMENT | |
| Title | Hospital Pre-Registration Pharmacist Training. |
| 260 ## - PUBLICATION, DISTRIBUTION, ETC. (IMPRINT) | |
| Place of publication, distribution, etc. | London. |
| Name of publisher, distributor, etc. | Pharmaceutical Press. |
| Date of publication, distribution, etc. | 2009. |
| 300 ## - PHYSICAL DESCRIPTION | |
| Extent | xvi,181p; |
| Other physical details | ill; |
| Dimensions | 22cm. |
| 504 ## - BIBLIOGRAPHY, ETC. NOTE | |
| Bibliography, etc | Includes Index. |
| 650 ## - SUBJECT ADDED ENTRY--TOPICAL TERM | |
| Topical term or geographic name as entry element | Pharmacology |
| 9 (RLIN) | 357 |
| 942 ## - ADDED ENTRY ELEMENTS (KOHA) | |
| Source of classification or shelving scheme | Other/Generic Classification Scheme |
| Koha item type | Open Shelf |
| Withdrawn status | Lost status | Source of classification or shelving scheme | Damaged status | Not for loan | Home library | Current library | Date acquired | Source of acquisition | Inventory number | Total Checkouts | Full call number | Barcode | Date last seen | Date last checked out | Koha item type | Price effective from |
|---|---|---|---|---|---|---|---|---|---|---|---|---|---|---|---|---|
| Other/Generic Classification Scheme | MUST Main Library | MUST Main Library | 08/06/2016 | Purchase | 14/38000 | 1 | QV18 S94h 2009. | 2016-2369 | 30/09/2016 | 19/09/2016 | Open Shelf | |||||
| Other/Generic Classification Scheme | MUST Main Library | MUST Main Library | 30/06/2016 | Purchase | 14/38001 | QV18 S94h 2009. | 2016-2875 | 30/06/2016 | Open Shelf | 30/06/2016 | ||||||
| Other/Generic Classification Scheme | MUST Main Library | MUST Main Library | 04/11/2021 | Purchase | 19/40820 | QV18 S94h 2009. | 2021-1610 | 04/11/2021 | Book | 04/11/2021 | ||||||
| Other/Generic Classification Scheme | MUST Main Library | MUST Main Library | 04/11/2021 | Purchase | 19/40817 | QV18 S94h 2009. | 2021-1611 | 04/11/2021 | Book | 04/11/2021 | ||||||
| Other/Generic Classification Scheme | MUST Main Library | MUST Main Library | 04/11/2021 | Purchase | 19/40816 | QV18 S94h 2009. | 2021-1612 | 04/11/2021 | Book | 04/11/2021 | ||||||
| Other/Generic Classification Scheme | MUST Main Library | MUST Main Library | 04/11/2021 | Purchase | 19/40819 | QV18 S94h 2009. | 2021-1613 | 04/11/2021 | Book | 04/11/2021 |
